Jemen-Quiz - Statistiken

Allgemein
  • Dieses Quiz wurde 1.086 mal gespielt
  • Das Durchschnittsergebnis liegt bei 12 aus 18
Antwortstatistiken
Frage Antwort % Korrekt
Nachbarland Saudi Arabien
97%
Nachbarland Oman
96%
Amtssprache Arabisch
95%
Hauptreligion Islam
93%
Afrikanisches Land, weniger als 20 km von Jemen entfernt Dschibuti
85%
Jemen war einst das südlichste Territorium dieses ehemaligen türkischen Reichs Osmanisches Reich
85%
Hauptstadt Sanaa
85%
Meer im Westen Rotes Meer
83%
Beinahe die gesamte jüdische Bevölkerung von Jemen flüchtete 1949-50 in dieses Land, bei der "Operation Magic Carpet" Israel
68%
Größte Hafenstadt oder der Golf, an dem diese Stadt liegt Aden
61%
Beliebtes Getränk, das angeblich aus Jemen stammt Kaffee
53%
Nennen sie eines der beiden Länder, die sich 1990 vereinten um die Republik Jemen zu bilden Nordjemen / Südjemen
48%
Obwohl Jemen sie 1962 abschaffte, besteht diese grausame Praxis heute immer noch Sklaverei
44%
Wie in den Nachbärlandern leben in Jemen viele dieser nomadischen Wüstenvölker Beduinen
43%
Schiitische Rebellengruppe, die den Westen Jemens kontrolliert (Anfangsbuchstabe H) Huthi
43%
Größte Insel Sokotra
30%
Pflanze, deren Blätter als Droge gekaut werden Kath
25%
Symbolische Bäume der obigen Insel {Drachen}baum
20%
Keine übereinstimmenden Quizze gefunden
Verteilung der Resultate
Anzahl Personen mit jedem Resultat
Perzentil nach korrekt beantworteten Fragen
Ihre Resultats-Entwicklung
Sie haben dieses Quiz noch nicht gespielt